Civil engineering hydraulics & hydrology review / (Record no. 1539)
[ view plain ]
| 000 -LEADER | |
|---|---|
| fixed length control field | 00356 a2200109 4500 |
| 020 ## - INTERNATIONAL STANDARD BOOK NUMBER | |
| International Standard Book Number | 0793195640 (pbk.) |
| 082 ## - DEWEY DECIMAL CLASSIFICATION NUMBER | |
| Classification number | 620.106076 LAR |
| 100 ## - MAIN ENTRY--PERSONAL NAME | |
| Personal name | Larock, Bruce E., |
| 245 ## - TITLE STATEMENT | |
| Title | Civil engineering hydraulics & hydrology review / |
| Statement of responsibility, etc. | Bruce E. Larock |
| 260 ## - PUBLICATION, DISTRIBUTION, ETC. | |
| Place of publication, distribution, etc. | Chicago, IL. : |
| Name of publisher, distributor, etc. | Kapan Education ; |
| Date of publication, distribution, etc. | c2004. |
| 300 ## - PHYSICAL DESCRIPTION | |
| Extent | 1 v. (various paging) : |
| Other physical details | ill. ; |
| Dimensions | 28 cm. |
| 650 ## - SUBJECT ADDED ENTRY--TOPICAL TERM | |
| Topical term or geographic name entry element | Fluid mechanics |
| Withdrawn status | Lost status | Damaged status | Not for loan | Permanent Location | Current Location | Shelving location | Total Checkouts | Full call number | Barcode | Date last seen | Price effective from | Koha item type | Date acquired |
|---|---|---|---|---|---|---|---|---|---|---|---|---|---|
| Central Library (CL) | Central Library (CL) | 620.106076 LAR | NIT-1031 | 01/05/2017 | 01/05/2017 | Book | |||||||
| School of Civil and Environmental Engineering (SCEE) | School of Civil and Environmental Engineering (SCEE) | NIT-2567 | 01/05/2017 | 01/05/2017 | Book |
